000
00191nam a22000977a 4500
041
_a
eng
080
_a
80
100
_a
Chafe, Wallace
245
_a
Bedeutung und Sprachstruktur
999
_c
282230
_d
282230
942
_c
BK